LEADER 02563nam 2200337 n 450 001 9910507198903321 005 20250513225028.0 035 $a(CKB)5590000000630045 035 $a(NjHacI)995590000000630045 035 $a(EXLCZ)995590000000630045 100 $a20230509d2021 uy 0 101 0 $ager 135 $aur||||||||||| 181 $ctxt$2rdacontent 182 $cc$2rdamedia 183 $acr$2rdacarrier 200 10$aVerflochtene Geschichten im postkolonialen Grenzraum $eBiographien, Zugehörigkeiten und Erinnerungspraktiken in Ceuta und Melilla /$fEva Bahl 210 1$aGo?ttingen :$cUniversita?tsverlag Go?ttingen,$d2021. 215 $a1 online resource (377 pages) 330 $aAll over the world, borders are places of separation, distinction and violence on the one hand, and of encounter, mobility and everyday practices on the other. This is particularly true of the external borders of the European Union. When Spain joined the European Communities in 1986, Ceuta and Melilla, two cities in North Africa, became such an external border and the six-metre-high fences surrounding them became a symbol of "Fortress Europe". But what does this mean for the people who live in such a place? How do they experience everyday life in a "caged city", and how do they interpret their experiences?This sociological study focuses on figurations between old-established groupings in the border space between Spain and Morocco, and reconstructs a post-colonial border space in the light of transformation processes and slowly changing power balances, in which belongings and views of history are constantly being renegotiated. Different actors in the border space are studied from the perspective of figurational sociology, the sociology of memory and biographical research. Four detailed case analyses serve to illustrate the complexity of local social realities. These are embedded in historical and present-day social constellations in this border space between Spain and Morocco, and it is made clear that constructions of belonging and power relations in Ceuta and Melilla can only be understood in the context of colonial and post-colonial processes and events. 517 $aVerflochtene Geschichten im postkolonialen Grenzraum 606 $aPostcolonialism 615 0$aPostcolonialism. 676 $a325.3 700 $aBahl$b Eva$01318570 801 0$bNjHacI 801 1$bNjHacl 906 $aBOOK 912 $a9910507198903321 996 $aVerflochtene Geschichten im postkolonialen Grenzraum$93033414 997 $aUNINA